[Event "World Rapid Women 2021"]
[Site "Warsaw POL"]
[Date "2021.12.27"]
[Round "8.43"]
[White "Jakubowska, Anna"]
[Black "Katkov, Michelle"]
[Result "1-0"]
[WhiteTitle "WIM"]
[BlackTitle "WFM"]
[WhiteElo "2106"]
[BlackElo "2151"]
[WhiteFideId "1121952"]
[BlackFideId "2816393"]
[EventDate "2021.12.26"]

1. e4 e5 2. Nc3 Nf6 3. g3 d5 4. exd5 Nxd5 5. Bg2 Nxc3 6. bxc3 Bd6 7. d3 O-O 8.
Ne2 c6 9. O-O Bg4 10. h3 Bh5 11. g4 Bg6 12. f4 exf4 13. Nxf4 Nd7 14. Rb1 Qc7 15.
h4 h6 16. Bd2 Bh7 17. Kh1 Ne5 18. g5 hxg5 19. hxg5 Ng6 20. Nh5 Nh4 21. Bh3 c5
22. Qg4 Ng6 23. c4 Rae8 24. Bc3 Be5 25. Bxe5 Nxe5 26. Qg2 b6 27. Nf4 Ng6 28. Nd5
Qe5 29. Bf5 Qe2 30. Bxg6 Bxg6 31. Nf4 Qxg2+ 32. Kxg2 Bf5 33. Rbe1 Bd7 34. Kg3
Bc6 35. Nh5 Ba4 36. Nf4 Bxc2 37. Rh1 Rxe1 38. Rxe1 Rd8 39. Re3 Kf8 40. Kg4 Re8
41. Rxe8+ Kxe8 42. Kf5 Ke7 43. Ke5 f6+ 44. gxf6+ gxf6+ 45. Kd5 Ba4 46. Ke4 Bc6+
47. Kf5 Bd7+ 48. Ke4 Bc6+ 49. Kf5 Kf7 50. a3 Bd7+ 51. Ke4 Bg4 52. Kd5 Bf3+ 53.
Kd6 Kg7 54. Kc7 Kh6 55. Nd5 f5 56. Kb7 f4 57. Kxa7 Bxd5 58. cxd5 Kg6 59. Kxb6 f3
60. d6 Kf7 61. d7 f2 62. d8=Q f1=Q 63. Qd7+ Kg8 64. Qc8+ Kg7 65. Qd7+ Kg8 66. a4
Qc1 67. a5 Qa3 68. a6 Qb4+ 69. Qb5 Qd4 70. Qc4+ 1-0

[Event "World Rapid Women 2021"]
[Site "Warsaw POL"]
[Date "2021.12.27"]
[Round "8.44"]
[White "Kucharska, Honorata"]
[Black "Sandu, Mihaela"]
[Result "0-1"]
[WhiteTitle "WFM"]
[BlackTitle "WGM"]
[WhiteElo "2146"]
[BlackElo "2269"]
[WhiteFideId "1163868"]
[BlackFideId "1204327"]
[EventDate "2021.12.26"]

1. d4 Nf6 2. Nf3 g6 3. c4 Bg7 4. Nc3 O-O 5. g3 d6 6. Bg2 Nc6 7. O-O a6 8. d5 Na5
9. Nd2 c5 10. Qc2 Rb8 11. b3 b5 12. Bb2 e5 13. dxe6 fxe6 14. cxb5 axb5 15. Nce4
Bb7 16. Rad1 Nxe4 17. Nxe4 Bxe4 18. Bxe4 Bxb2 19. Qxb2 d5 20. Bg2 Qf6 21. Qc2 c4
22. e4 d4 23. Qd2 Nc6 24. bxc4 bxc4 25. Qc2 c3 26. Qa4 e5 27. Qc4+ Kh8 28. f4
Rb4 29. Qc5 Rc8 30. fxe5 Qe7 31. Qd6 c2 32. Rd2 Rc4 33. Rc1 Qxe5 34. Qd7 Nb4 35.
Bf1 R4c7 36. Qa4 Qc5 37. Kg2 Qc3 38. Rf2 d3 0-1

[Event "World Rapid Women 2021"]
[Site "Warsaw POL"]
[Date "2021.12.27"]
[Round "8.45"]
[White "Dylag, Emilia"]
[Black "Heredia Serrano, Carla"]
[Result "1-0"]
[WhiteTitle "WFM"]
[BlackTitle "WGM"]
[WhiteElo "1956"]
[BlackElo "2121"]
[WhiteFideId "21805172"]
[BlackFideId "3603687"]
[EventDate "2021.12.26"]

1. d4 d5 2. c4 c6 3. Qc2 Nf6 4. Nd2 g6 5. Ngf3 Bg7 6. g3 O-O 7. Bg2 Bf5 8. Qb3
Qc8 9. O-O Nbd7 10. cxd5 cxd5 11. Ne5 Nb6 12. Ndf3 Bc2 13. Qb4 Qd8 14. Be3 a5
15. Qc3 Be4 16. Rac1 Ne8 17. b3 a4 18. Bh3 Nd6 19. Qc7 h6 20. Nd2 e6 21. Qxd8
Rfxd8 22. f3 Bxe5 23. dxe5 d4 24. exd6 Bc6 25. Bxd4 Nd5 26. e4 Nb4 27. e5 Bb5
28. Rfd1 Nxa2 29. Ra1 axb3 30. Nxb3 Nb4 31. Rxa8 Rxa8 32. Nc5 Bc6 33. Ra1 Rd8
34. Rb1 Nc2 35. Bf2 Bxf3 36. Bg2 Bg4 37. d7 Bf5 38. Rxb7 Ra8 39. h4 Kf8 40. Rb2
Na3 41. Bxa8 1-0

[Event "World Rapid Women 2021"]
[Site "Warsaw POL"]
[Date "2021.12.27"]
[Round "8.46"]
[White "Jarocka, Liwia"]
[Black "Gaboyan, Susanna"]
[Result "1-0"]
[WhiteTitle "FM"]
[BlackTitle "WIM"]
[WhiteElo "2006"]
[BlackElo "2254"]
[WhiteFideId "21807558"]
[BlackFideId "13303627"]
[EventDate "2021.12.26"]

1. Nf3 Nf6 2. b3 g6 3. Bb2 Bg7 4. d4 O-O 5. g3 d5 6. Bg2 c5 7. O-O Ne4 8. e3 Nc6
9. Nbd2 Bg4 10. h3 Bf5 11. g4 Nxd2 12. Qxd2 Be4 13. c3 f5 14. Nh2 Bxg2 15. Kxg2
c4 16. f4 fxg4 17. hxg4 g5 18. f5 e6 19. Ba3 Re8 20. Rf3 exf5 21. gxf5 Re4 22.
Raf1 Qf6 23. bxc4 dxc4 24. Rg3 h5 25. Qe2 g4 26. Qxc4+ Kh8 27. Bc1 Bh6 28. Qb5
Rg8 29. Qd3 Rge8 30. Kh1 Qh4 31. Kg2 Qg5 32. f6 h4 33. f7 hxg3 34. fxe8=R+ Rxe8
35. Kxg3 Ne7 36. e4 Qh5 37. Nxg4 Bxc1 38. Rxc1 Ng6 39. Qf3 Rf8 40. Qh1 Nh4 41.
Rf1 Rxf1 42. Qxf1 Qg5 43. Qf6+ Qxf6 44. Nxf6 Ng6 45. Kg4 Kg7 46. Nd7 Ne7 47. d5
Kf7 48. Kf4 Ng6+ 49. Kf5 Nh4+ 50. Ke5 Ke7 51. Nc5 Ng6+ 52. Kd4 b6 53. Nd3 Nh4
54. Nb4 Kd7 55. Nc6 a5 56. e5 Nf3+ 57. Kc4 Ng5 58. Kb5 Ne4 59. c4 Kc7 60. d6+
Kb7 61. Nxa5+ bxa5 62. Kxa5 Kc6 63. Kb4 Nc5 64. Kc3 Ne6 65. a4 Kc5 66. a5 Nd8
67. a6 Kb6 68. Kd4 Kxa6 69. Kd5 Kb7 70. e6 Kc8 71. e7 Kd7 72. exd8=Q+ Kxd8 73.
c5 Kd7 74. c6+ Kd8 75. Ke6 Kc8 76. c7 1-0

[Event "World Rapid Women 2021"]
[Site "Warsaw POL"]
[Date "2021.12.27"]
[Round "8.47"]
[White "Kubicka, Anna"]
[Black "Parol, Pola"]
[Result "1-0"]
[WhiteTitle "WIM"]
[BlackTitle "WFM"]
[WhiteElo "2266"]
[BlackElo "2067"]
[WhiteFideId "1152254"]
[BlackFideId "1163116"]
[EventDate "2021.12.26"]

1. e4 c5 2. Nf3 d6 3. Bb5+ Nd7 4. O-O a6 5. Bd3 Ngf6 6. c3 b5 7. a4 c4 8. Bc2
Bb7 9. Re1 e6 10. d4 cxd3 11. Bxd3 bxa4 12. Qxa4 Qc7 13. Bg5 e5 14. Bxf6 gxf6
15. Nh4 Bc6 16. Qc2 a5 17. Nd2 Nc5 18. b4 Ne6 19. bxa5 Rxa5 20. Rxa5 Qxa5 21.
Nc4 Qc7 22. Nf5 d5 23. exd5 Bxd5 24. Nce3 Bc6 25. Be4 Bc5 26. Ng4 Be7 27. Rb1
Bxe4 28. Qxe4 Bd8 29. Rb7 Qc5 30. Qa4+ Kf8 31. Qd7 Bc7 32. Nxf6 h5 33. Qe8# 1-0

[Event "World Rapid Women 2021"]
[Site "Warsaw POL"]
[Date "2021.12.27"]
[Round "8.48"]
[White "Szczotka, Klara"]
[Black "Kolaric, Spela"]
[Result "0-1"]
[BlackTitle "WFM"]
[WhiteElo "1755"]
[BlackElo "2185"]
[WhiteFideId "21858845"]
[BlackFideId "14607093"]
[EventDate "2021.12.26"]

1. d4 Nf6 2. c4 e6 3. Nc3 d5 4. cxd5 exd5 5. Bg5 c6 6. e3 Be7 7. Bd3 Nbd7 8.
Nge2 h6 9. Bh4 Nh5 10. Bxe7 Qxe7 11. O-O O-O 12. Qd2 Re8 13. Rac1 Nf8 14. a3 a5
15. Na4 Qd8 16. Rc2 Nf6 17. Ng3 Ne6 18. Rfc1 Ng5 19. f3 Ne6 20. Nf5 h5 21. Nc5
Nxc5 22. Rxc5 g6 23. Ng3 Nd7 24. R5c3 Qg5 25. Kf2 c5 26. Bb5 c4 27. b3 cxb3 28.
Rxb3 Rd8 29. Rc7 Nf8 30. Ba4 Ne6 31. Rc2 Qf6 32. Qd3 h4 33. Ne2 h3 34. Rc1 hxg2
35. Kxg2 Qh4 36. f4 Ng7 37. Ng3 Qh3+ 38. Kg1 Bf5 39. Qf1 Qh4 40. Rxb7 Rac8 41.
Rcc7 Rxc7 42. Rxc7 Rb8 43. Bc2 Rb2 44. Qc1 Ra2 45. Bb3 Qxh2+ 0-1

[Event "World Rapid Women 2021"]
[Site "Warsaw POL"]
[Date "2021.12.27"]
[Round "8.49"]
[White "Brambilla, Renee Blandy T."]
[Black "Hryzlova, Sofiia"]
[Result "0-1"]
[BlackTitle "WCM"]
[WhiteElo "1536"]
[BlackElo "2097"]
[WhiteFideId "2115085"]
[BlackFideId "14174669"]
[EventDate "2021.12.26"]

1. d4 Nf6 2. c4 e6 3. Nf3 c5 4. d5 exd5 5. cxd5 g6 6. Nc3 d6 7. Bg5 Bg7 8. g3 h6
9. Bd2 O-O 10. Bg2 Na6 11. a3 Nc7 12. Qc1 Kh7 13. e4 Re8 14. O-O b5 15. Re1 a5
16. b4 axb4 17. axb4 Rxa1 18. Qxa1 cxb4 19. Nb1 Nxe4 20. Qa2 Nc3 21. Rxe8 Qxe8
22. Qb3 Qe2 23. Nxc3 bxc3 24. Bxc3 Qd3 25. Qb4 Bxc3 26. Qxd6 Qd1+ 27. Bf1 Bh3 0-1

[Event "World Rapid Women 2021"]
[Site "Warsaw POL"]
[Date "2021.12.27"]
[Round "8.50"]
[White "Da Silva, Cibele Florencio"]
[Black "Budkiewicz, Magdalena"]
[Result "0-1"]
[WhiteElo "1405"]
[BlackElo "1929"]
[WhiteFideId "2116901"]
[BlackFideId "1194917"]
[EventDate "2021.12.26"]

1. e4 c5 2. Nc3 d6 3. Bc4 e6 4. d3 Nf6 5. Nf3 Be7 6. O-O O-O 7. Bg5 Nc6 8. Re1
h6 9. Bxf6 Bxf6 10. Rb1 Na5 11. e5 dxe5 12. Nxe5 Nxc4 13. dxc4 Qe7 14. Ng4 Bxc3
15. bxc3 b6 16. Re3 Bb7 17. Rg3 Kh8 18. Qd2 Rad8 19. Qe3 Qg5 20. Qxg5 hxg5 21.
Ne5 Rd2 22. Rc1 Kg8 23. Nd3 Re2 24. Rxg5 Re4 25. Nb2 Rd8 26. f3 Rf4 27. Rg4 Rxg4
28. fxg4 Rd2 29. h3 Rxg2+ 30. Kf1 Rh2 31. Re1 Rxc2 32. Re2 Rxc3 33. h4 Ba6 34.
Re4 Rc2 35. Re2 Rxe2 36. Kxe2 f6 37. Kd2 Kf7 38. Kc3 f5 39. gxf5 exf5 40. Nd3
Kf6 41. Kd2 Bxc4 42. a3 Bxd3 43. Kxd3 Ke5 44. Ke3 f4+ 45. Kf3 c4 0-1

[Event "World Rapid Women 2021"]
[Site "Warsaw POL"]
[Date "2021.12.28"]
[Round "9.1"]
[White "Koneru, Humpy"]
[Black "Kosteniuk, Alexandra"]
[Result "1/2-1/2"]
[WhiteTitle "GM"]
[BlackTitle "GM"]
[WhiteElo "2586"]
[BlackElo "2516"]
[WhiteFideId "5008123"]
[BlackFideId "4128125"]
[EventDate "2021.12.26"]

1. d4 Nf6 2. c4 e6 3. Nf3 d5 4. Nc3 Bb4 5. Qa4+ Nc6 6. e3 O-O 7. Qc2 Bxc3+ 8.
bxc3 Re8 9. cxd5 exd5 10. Bd3 Bg4 11. Rb1 Ne4 12. Nd2 Bf5 13. O-O Qg5 14. f4 Qg6
15. Nxe4 dxe4 16. Be2 b6 17. Qd1 Rad8 18. Kh1 Na5 19. c4 Be6 20. Qa4 Bg4 21.
Bxg4 Qxg4 22. Bd2 Nb7 23. Qxa7 Nd6 24. Qxc7 Qe2 25. Bb4 Nf5 26. Rbe1 Qxa2 27. d5
Qb2 28. Rb1 Qe2 29. Rfe1 Qc2 30. Rbc1 Qb2 31. Bc3 Qb3 32. Bd4 Nxd4 33. exd4 Rc8
34. Qd7 Rcd8 35. Qc6 e3 36. d6 h6 37. f5 e2 38. c5 Qb2 39. h3 Qxd4 40. Qxb6 Qf4
41. Qb1 Re3 42. Qb7 Qxf5 43. c6 Rxh3+ 44. Kg1 Qf4 45. gxh3 Qg3+ 46. Kh1 Qxh3+
47. Kg1 Qg3+ 48. Kh1 1/2-1/2

[Event "World Rapid Women 2021"]
[Site "Warsaw POL"]
[Date "2021.12.28"]
[Round "9.2"]
[White "Shuvalova, Polina"]
[Black "Lagno, Kateryna"]
[Result "1/2-1/2"]
[WhiteTitle "IM"]
[BlackTitle "GM"]
[WhiteElo "2516"]
[BlackElo "2550"]
[WhiteFideId "24171760"]
[BlackFideId "14109336"]
[EventDate "2021.12.26"]

1. e4 e5 2. Nf3 Nc6 3. Bb5 Nf6 4. O-O Nxe4 5. Re1 Nd6 6. a4 Be7 7. Nc3 a6 8. Bf1
O-O 9. d4 e4 10. Nxe4 Nxe4 11. Rxe4 d5 12. Re1 Bf5 13. c3 h6 14. a5 Be4 15. Nd2
Bg6 16. g3 Qd7 17. Nb3 Be4 18. Nd2 Bf5 19. Bg2 Nd8 20. Qf3 Be6 21. Nb3 c6 22.
Bf4 Re8 23. Nc5 Bxc5 24. dxc5 f6 25. Re3 Nf7 26. Rae1 Bf5 27. Qd1 Rxe3 28. Rxe3
Re8 29. Rxe8+ Qxe8 30. h3 Qe7 31. b4 Qe6 32. g4 Bg6 33. Qd2 1/2-1/2

[Event "World Rapid Women 2021"]
[Site "Warsaw POL"]
[Date "2021.12.28"]
[Round "9.3"]
[White "Serikbay, Assel"]
[Black "Assaubayeva, Bibisara"]
[Result "0-1"]
[WhiteTitle "WIM"]
[BlackTitle "IM"]
[WhiteElo "2263"]
[BlackElo "2434"]
[WhiteFideId "13706799"]
[BlackFideId "13708694"]
[EventDate "2021.12.26"]

1. d4 Nf6 2. c4 g6 3. g3 Bg7 4. Bg2 O-O 5. Nf3 d5 6. cxd5 Nxd5 7. O-O Nb6 8. Nc3
Nc6 9. d5 Na5 10. e4 c6 11. Bf4 Bxc3 12. bxc3 cxd5 13. exd5 Qxd5 14. Nd4 Qc5 15.
Nb3 Nxb3 16. axb3 Qxc3 17. Rc1 Qb4 18. Rc7 Bf5 19. Bh6 Rfe8 20. Bxb7 Rad8 21.
Qa1 f6 22. Bc6 Bd7 23. Qxa7 Bxc6 24. Rxc6 Nd5 25. Rfc1 Qxb3 26. Qc5 Qf3 27. Bd2
Kg7 28. Ba5 Rb8 29. Re1 Qd3 30. Rce6 Rb1 31. Kg2 Rxe1 32. Bxe1 Qf5 33. Qc6 Kf7
34. Re2 Rc8 35. Qa4 h5 36. h4 Rd8 37. Qc4 Rd6 38. Bb4 Re6 39. Rd2 Nxb4 40. Qxb4
Kg7 41. Qc4 Re4 42. Qc7 Re1 43. Qc6 Qe5 44. Rd8 0-1

[Event "World Rapid Women 2021"]
[Site "Warsaw POL"]
[Date "2021.12.28"]
[Round "9.4"]
[White "Abdumalik, Zhansaya"]
[Black "Mammadova, Gulnar"]
[Result "1-0"]
[WhiteTitle "GM"]
[BlackTitle "IM"]
[WhiteElo "2491"]
[BlackElo "2387"]
[WhiteFideId "13703544"]
[BlackFideId "13403508"]
[EventDate "2021.12.26"]

1. e4 e6 2. d4 d5 3. Nc3 Bb4 4. e5 c5 5. a3 Ba5 6. b4 cxd4 7. Qg4 Kf8 8. Nb5 Bc7
9. Qxd4 Nc6 10. Qc5+ Nge7 11. Nxc7 Qxc7 12. f4 b6 13. Qc3 a6 14. Nf3 Bb7 15. Bd3
Rc8 16. Qd2 b5 17. O-O Qb6+ 18. Qf2 Qxf2+ 19. Kxf2 h5 20. Be3 g6 21. Bc5 Nb8 22.
a4 bxa4 23. Rxa4 Nd7 24. Bd6 Nb6 25. Ra2 Nc4 26. b5 a5 27. Bxc4 dxc4 28. Rxa5
Rd8 29. Nd2 Kg8 30. Ra7 Rd7 31. Bxe7 Rxe7 32. Nxc4 Rc7 33. Ne3 Kg7 34. Rd1 Rhc8
35. c4 g5 36. g3 Be4 37. Rxc7 Rxc7 38. Rd4 Bb7 39. Ke2 Kg6 40. Kd3 h4 41. Rd8
hxg3 42. hxg3 gxf4 43. gxf4 f6 44. Rd6 Kf7 45. Kd4 fxe5+ 46. fxe5 Bf3 47. b6 Rc8
48. c5 Ke7 49. Nc4 Rh8 50. c6 Be2 51. Rd7+ Ke8 52. Nd6+ 1-0

[Event "World Rapid Women 2021"]
[Site "Warsaw POL"]
[Date "2021.12.28"]
[Round "9.5"]
[White "Muzychuk, Mariya"]
[Black "Danielian, Elina"]
[Result "1-0"]
[WhiteTitle "GM"]
[BlackTitle "GM"]
[WhiteElo "2539"]
[BlackElo "2441"]
[WhiteFideId "14114550"]
[BlackFideId "13300210"]
[EventDate "2021.12.26"]

1. e4 e6 2. d4 d5 3. Nc3 Nf6 4. Bg5 Be7 5. e5 Nfd7 6. Bxe7 Qxe7 7. f4 O-O 8. Nf3
c5 9. Bd3 f6 10. exf6 Nxf6 11. dxc5 Qxc5 12. Qd2 Nc6 13. O-O-O Bd7 14. Rhe1 Rab8
15. Ne5 Nxe5 16. Rxe5 b5 17. Kb1 b4 18. Ne4 Nxe4 19. Bxe4 Qc7 20. Bxd5 exd5 21.
Qxd5+ Kh8 22. Qxd7 Qxd7 23. Rxd7 Rxf4 24. b3 Rf1+ 25. Kb2 Rf2 26. Rg5 Rc8 27.
Rc5 Re8 28. Rxa7 Rxg2 29. h4 h6 30. a3 bxa3+ 31. Rxa3 Re4 32. h5 Kh7 33. Ra4 Re7
34. Rd4 g6 35. hxg6+ Kxg6 36. Rd6+ Kg7 37. b4 Rg5 38. Rxg5+ hxg5 39. Kb3 g4 40.
Rd4 Re3+ 41. Ka4 g3 42. Rg4+ Kf6 43. c4 Kf5 44. Rg8 Kf4 45. c5 Re6 46. b5 Kf3
47. Ka5 g2 48. c6 Re8 49. Rxg2 Kxg2 50. b6 Ra8+ 51. Kb5 Kf3 52. b7 Rb8 53. Kb6
Ke4 54. c7 Kd5 1-0

[Event "World Rapid Women 2021"]
[Site "Warsaw POL"]
[Date "2021.12.28"]
[Round "9.6"]
[White "Gunina, Valentina"]
[Black "Pavlidou, Ekaterini"]
[Result "1-0"]
[WhiteTitle "GM"]
[BlackTitle "WIM"]
[WhiteElo "2471"]
[BlackElo "2203"]
[WhiteFideId "4167570"]
[BlackFideId "4213262"]
[EventDate "2021.12.26"]

1. d4 d5 2. c4 e6 3. Nf3 Nf6 4. Nc3 c6 5. e3 Be7 6. Qc2 O-O 7. b3 a5 8. Bd3 Na6
9. a3 c5 10. O-O b6 11. Bb2 Bb7 12. cxd5 exd5 13. Rfd1 Rc8 14. Qe2 Nc7 15. Rac1
Ne6 16. Nb5 Re8 17. dxc5 bxc5 18. Ne5 Qb6 19. a4 Nc7 20. Ng4 Nxb5 21. Bxb5 Red8
22. Ne5 Qe6 23. Nd3 Bd6 24. Qf3 Ne4 25. Nf4 Qh6 26. Nh5 Ng5 27. Qe2 d4 28. Ng3
Bxg3 29. fxg3 dxe3 30. Bc3 Rxd1+ 31. Rxd1 Qe6 32. Bd7 Nh3+ 33. Kf1 Bxg2+ 34.
Kxg2 Qe4+ 35. Kxh3 Rd8 36. Bg4 Rxd1 37. Qxd1 h5 38. Bxh5 f5 39. Qd7 1-0

[Event "World Rapid Women 2021"]
[Site "Warsaw POL"]
[Date "2021.12.28"]
[Round "9.7"]
[White "Atalik, Ekaterina"]
[Black "Dzagnidze, Nana"]
[Result "0-1"]
[WhiteTitle "IM"]
[BlackTitle "GM"]
[WhiteElo "2420"]
[BlackElo "2531"]
[WhiteFideId "4130189"]
[BlackFideId "13601903"]
[EventDate "2021.12.26"]

1. Nf3 Nf6 2. g3 c5 3. Bg2 g6 4. c3 Bg7 5. d4 Qc7 6. O-O O-O 7. Na3 a6 8. Bf4 d6
9. Rc1 Nbd7 10. Re1 e5 11. dxe5 dxe5 12. Bg5 h6 13. Bxf6 Nxf6 14. e4 Be6 15. c4
Rad8 16. Qc2 Ne8 17. Nb1 Nd6 18. b3 f5 19. Nc3 g5 20. exf5 Bxf5 21. Qe2 e4 22.
Nd2 Bd4 23. Nf1 Bg6 24. Ne3 Rde8 25. Ncd5 Qf7 26. Rf1 Bh5 27. Qc2 Bf3 28. Bxf3
Qxf3 29. Qd1 h5 30. Qxf3 exf3 31. Nc2 Bb2 32. Rce1 Kf7 33. h3 Nf5 34. Rxe8 Rxe8
35. Re1 Re2 36. Rxe2 fxe2 37. Ne1 Bc1 38. f3 Bd2 39. Kf2 Nxg3 40. Ng2 h4 41. f4
g4 42. hxg4 h3 0-1

[Event "World Rapid Women 2021"]
[Site "Warsaw POL"]
[Date "2021.12.28"]
[Round "9.8"]
[White "Paehtz, Elisabeth"]
[Black "Stefanova, Antoaneta"]
[Result "0-1"]
[WhiteTitle "IM"]
[BlackTitle "GM"]
[WhiteElo "2507"]
[BlackElo "2469"]
[WhiteFideId "4641833"]
[BlackFideId "2902257"]
[EventDate "2021.12.26"]

1. e4 e5 2. Nf3 Nc6 3. d4 exd4 4. Nxd4 Qf6 5. Nb3 Qg6 6. f3 Nf6 7. Bf4 Bb4+ 8.
Kf2 a5 9. Bd3 Nh5 10. Be3 a4 11. N3d2 Ne5 12. g4 Qf6 13. gxh5 Nxd3+ 14. cxd3
Qxb2 15. Na3 Bxa3 16. h6 gxh6 17. Rg1 Qf6 18. Nc4 Be7 19. Rb1 d5 20. exd5 Qf5
21. d6 Bh4+ 22. Ke2 b5 23. Nd2 Qh3 24. Qc1 Qxh2+ 25. Kd1 Qxd6 26. Qb2 Bf6 27.
Qxb5+ Bd7 28. Qc4 Be6 29. Qb5+ c6 30. Qb7 Rd8 31. d4 Bxd4 32. Ne4 Qd5 33. Bd2 f5
34. Rg7 Bxg7 35. Qxg7 fxe4 36. Qxh8+ Bg8 37. Qc3 exf3 38. Rb2 Qe4 39. Qg7 Qg6
40. Qe5+ Qe6 41. Qf4 Qe2+ 42. Kc1 f2 0-1

[Event "World Rapid Women 2021"]
[Site "Warsaw POL"]
[Date "2021.12.28"]
[Round "9.9"]
[White "Vaishali, R"]
[Black "Pourkashiyan, Atousa"]
[Result "1/2-1/2"]
[WhiteTitle "IM"]
[BlackTitle "WGM"]
[WhiteElo "2401"]
[BlackElo "2322"]
[WhiteFideId "5091756"]
[BlackFideId "12502014"]
[EventDate "2021.12.26"]

1. e4 e5 2. Nf3 Nf6 3. d4 Nxe4 4. dxe5 d5 5. Nbd2 Nc5 6. Be2 Be7 7. O-O a5 8.
Nb3 Nxb3 9. axb3 c5 10. c3 Nc6 11. h3 Bf5 12. Bd3 Bxd3 13. Qxd3 O-O 14. Re1 d4
15. Qc4 Qd7 16. Bg5 dxc3 17. bxc3 Rad8 18. Bxe7 Qxe7 19. e6 Kh8 20. exf7 Qxf7
21. Qxc5 Qxb3 22. Rab1 Qf7 23. Ng5 Qf5 24. Qxf5 Rxf5 25. Ne6 Rb8 26. g4 Rf7 27.
f4 g6 28. Kg2 Ra8 29. Kg3 a4 30. Nc5 a3 31. Rxb7 Rxb7 32. Nxb7 a2 33. Ra1 Ra3
34. Kg2 Kg7 35. Nd6 Na5 36. Nb5 Nb3 37. Nxa3 Nxa1 38. Kf3 Nb3 39. Nc2 a1=Q 40.
Nxa1 Nxa1 41. Ke4 Kf6 42. c4 Nc2 43. Kd5 Ne3+ 44. Kd4 Nc2+ 45. Kd5 Ne3+ 46. Kd4
Nc2+ 47. Ke4 1/2-1/2

[Event "World Rapid Women 2021"]
[Site "Warsaw POL"]
[Date "2021.12.28"]
[Round "9.10"]
[White "Goryachkina, Aleksandra"]
[Black "Bivol, Alina"]
[Result "1-0"]
[WhiteTitle "GM"]
[BlackTitle "IM"]
[WhiteElo "2610"]
[BlackElo "2368"]
[WhiteFideId "4147103"]
[BlackFideId "4100123"]
[EventDate "2021.12.26"]

1. d4 Nf6 2. c4 c5 3. d5 e6 4. Nc3 exd5 5. cxd5 d6 6. Nf3 g6 7. Bf4 Bg7 8. e3
O-O 9. Be2 Na6 10. O-O Nc7 11. h3 a6 12. a4 Rb8 13. a5 b5 14. axb6 Rxb6 15. Ra2
Re8 16. Bc4 Ne4 17. Nxe4 Rxe4 18. Qc2 Re8 19. e4 Nb5 20. Bxb5 Rxb5 21. Re1 f5
22. exf5 Rxe1+ 23. Nxe1 Bxf5 24. Qd2 c4 25. Rxa6 Rxb2 26. Qe3 c3 27. Rxd6 Qf8
28. Rc6 Rb1 29. Bd6 Qd8 30. Kh2 Rd1 31. Bg3 Rxd5 32. Rxc3 Bxc3 33. Qxc3 Qe7 34.
Nf3 h6 35. Qb3 Be4 36. Nd2 Kh7 37. Qe3 Rxd2 38. Qxd2 Ba8 39. f3 Bb7 40. Qd4 g5
41. Be5 Qf7 42. Qd3+ Kg8 43. Qd6 Kh7 44. Bf6 Bd5 45. Be5 Qe6 46. Qc7+ Qf7 47.
Qc3 Be6 48. Bg3 Qd7 49. Qe5 Qf7 50. Qe3 Qf6 51. Qe1 Qf7 52. Be5 Bf5 53. Qc3 Kg6
54. Qd4 Kh7 55. h4 Qd7 56. Qb4 Qe6 57. Qb7+ Qd7 58. Qb4 Qe6 59. Bg3 g4 60. fxg4
Bxg4 61. Qb7+ Kg6 62. Qb8 Bf5 63. Be5 Be4 64. Qb2 Qg4 65. Bg3 Qe6 66. Qd2 Bd5
67. Bf4 Qe4 68. Qf2 Kh5 69. Bg3 Kg6 70. Qb2 Kh5 71. Qd2 Kg6 72. Be1 Qe5+ 73. Kg1
Qe4 74. Qf2 Kh7 75. Bd2 Kg6 76. Qg3+ Kh5 77. Be1 Be6 78. Bf2 Qb1+ 79. Kh2 Qe4
80. Be1 Bd5 81. Bf2 Bc6 82. Qg7 Bd5 83. g4+ Qxg4 84. Qe5+ Kg6 85. Qxd5 Qe2 86.
Kg1 Qc2 87. Qf3 Qb1+ 88. Kg2 Qc2 89. Kh3 Qb1 90. h5+ Kg7 91. Bd4+ Kg8 92. Qd5+
Kf8 93. Qd8+ Kf7 94. Qd7+ Kf8 95. Bc5+ Kg8 96. Qe8+ 1-0

[Event "World Rapid Women 2021"]
[Site "Warsaw POL"]
[Date "2021.12.28"]
[Round "9.11"]
[White "Muzychuk, Anna"]
[Black "Paramzina, Anastasya"]
[Result "1-0"]
[WhiteTitle "GM"]
[BlackTitle "WGM"]
[WhiteElo "2531"]
[BlackElo "2260"]
[WhiteFideId "14111330"]
[BlackFideId "4165012"]
[EventDate "2021.12.26"]

1. e4 c5 2. Nc3 d6 3. f4 g6 4. Nf3 Bg7 5. Bb5+ Bd7 6. Bc4 Nc6 7. d3 e6 8. f5
gxf5 9. exf5 d5 10. Bb5 Nd4 11. fxe6 fxe6 12. Nxd4 cxd4 13. Qh5+ Ke7 14. O-O Nf6
15. Nxd5+ exd5 16. Qe5+ Be6 17. Bh6 Bxh6 18. Qxf6+ Kd6 19. Qxh6 Rg8 20. Rf6 Rg6
21. Rxg6 hxg6 22. Qxg6 Qh4 23. Rf1 Rh8 24. Qg3+ Qxg3 25. hxg3 Rg8 26. Rf3 Bg4
27. Rf7 a6 28. Ba4 b5 29. Bb3 Re8 30. Rf4 Re1+ 31. Kf2 Re2+ 32. Kf1 1-0

[Event "World Rapid Women 2021"]
[Site "Warsaw POL"]
[Date "2021.12.28"]
[Round "9.12"]
[White "Batsiashvili, Nino"]
[Black "Balajayeva, Khanim"]
[Result "0-1"]
[WhiteTitle "GM"]
[BlackTitle "WGM"]
[WhiteElo "2491"]
[BlackElo "2376"]
[WhiteFideId "13602993"]
[BlackFideId "13406396"]
[EventDate "2021.12.26"]

1. c4 e6 2. g3 Nf6 3. Bg2 d5 4. Nf3 Be7 5. O-O O-O 6. b3 c6 7. Bb2 Nbd7 8. e3 a5
9. Nc3 Re8 10. Rc1 Nc5 11. d4 Nce4 12. Na4 Nd7 13. c5 Bf6 14. Ne5 Bxe5 15. dxe5
f5 16. exf6 Nexf6 17. f4 Rb8 18. g4 e5 19. f5 h6 20. Qf3 Ne4 21. Rfd1 Qg5 22. h3
h5 23. Nb6 Ndf6 24. Nxc8 hxg4 25. hxg4 Rbxc8 26. Bh3 Qh4 27. Kh2 Kf7 28. Kg2 Ng5
29. Qg3 Qxg3+ 30. Kxg3 Nfe4+ 31. Kg2 Nxh3 32. Kxh3 Nf2+ 33. Kg3 Nxd1 34. Rxd1
Kf6 35. Bc3 a4 36. bxa4 g6 37. fxg6 Kxg6 38. Rb1 Re7 39. a5 Rd8 40. a6 bxa6 41.
Rb6 Re6 42. Rxa6 d4 43. exd4 exd4 44. Bd2 Rd5 45. Ra8 Re2 46. Bf4 d3 47. Rc8 d2
48. Rxc6+ Kf7 49. Bxd2 Rexd2 50. Rc7+ Kf6 51. Rc8 Rxa2 52. c6 Rd3+ 53. Kf4 Ra4# 0-1

[Event "World Rapid Women 2021"]
[Site "Warsaw POL"]
[Date "2021.12.28"]
[Round "9.13"]
[White "Kamalidenova, Meruert"]
[Black "Padmini, Rout"]
[Result "1-0"]
[WhiteTitle "WIM"]
[BlackTitle "IM"]
[WhiteElo "2351"]
[BlackElo "2345"]
[WhiteFideId "13712802"]
[BlackFideId "5029295"]
[EventDate "2021.12.26"]

1. e4 c5 2. Nf3 g6 3. d4 Bg7 4. c4 cxd4 5. Nxd4 Nc6 6. Be3 Nf6 7. Nc3 O-O 8. Be2
d6 9. O-O Bd7 10. h3 Nxd4 11. Bxd4 Bc6 12. Qd3 a5 13. Rad1 Nd7 14. Bxg7 Kxg7 15.
Bg4 Nf6 16. Qd4 Qb8 17. Rfe1 Qa7 18. Qd3 Qc5 19. Nd5 Bxd5 20. cxd5 h5 21. Be2
Rfc8 22. Bf1 Rc7 23. b3 Rac8 24. Qb5 Qa7 25. e5 dxe5 26. Rxe5 Rc2 27. Be2 R8c5
28. Qd3 Rxa2 29. Qe3 Qb6 30. Rxe7 Qd6 31. Bf3 Nxd5 32. Qd4+ Kf8 33. Rxb7 Rc7 34.
Rxc7 Qxc7 35. Qxd5 1-0